| 000 | 00643nam a2200205Ia 4500 | ||
|---|---|---|---|
| 003 | GCL | ||
| 008 | 140319s9999 xx 000 0 ara d | ||
| 040 |
_aGCL / _cGCL |
||
| 082 | 0 | 4 |
_a953 _bذ ت |
| 245 | 1 | 0 | _aالتاريخ الكبير او تاريخ الاسلام وطبقات المشاهير والاعلام |
| 260 |
_a[S.N] : _bمطبعة دار الكتب ، _c1973 |
||
| 490 | _a | ||
| 650 | 0 | 4 | _aالتاريخ الاسلامى |
| 650 | 0 | 4 | _aانتشار الاسلام |
| 650 | 0 | 4 | _aغزوة بدر |
| 650 | 0 | 4 | _aالغزوات الاسلامية |
| 650 | 0 | 4 | _aالشهداء |
| 650 | 0 | 4 | _aالابطال |
| 942 |
_2ddc _cBK |
||
| 999 |
_c28931 _d28931 |
||